Les villes les plus peuplées d'Europe commençant par V - Statistiques

Statistiques générales
  • Ce quiz a été pris 87 fois
    84 depuis la dernière actualisation
  • Le résultat moyen est 5 sur 10
Statistiques - réponses
Pays Population Villes % Correct
Autriche 1 982 000 Vienne
100%
Pologne 1 860 000 Varsovie
96%
Espagne 788 000 Valence
90%
Lituanie 546 000 Vilnius
86%
Russie 995 000 Volgograd
44%
Russie 1 557 000 Voronej
16%
Russie 347 000 Vladimir
11%
Biélorussie 359 000 Vitebsk
8%
Ukraine 389 000 Vinnytsia
1%
Russie 321 000 Voljski
0%
Aucun quiz correspondant
Distribution des résultats
% des personnes avec chaque résultat
Percentile par nombre de réponses
Votre historique - résultats
Vous n’avez pas pris ce quiz depuis la dernière actualisation